Evaluation of antibiotic prescribing patterns and associated factors among dental practitioners on the copperbelt and Lusaka Province,Zambia (Record no. 86031)

MARC details
000 -LEADER
fixed length control field 00805nam a2200229 4500
003 - CONTROL NUMBER IDENTIFIER
control field CBULib
005 - DATE AND TIME OF LATEST TRANSACTION
control field 20250210104347.0
008 - FIXED-LENGTH DATA ELEMENTS--GENERAL INFORMATION
fixed length control field 250210b |||||||| |||| 00| 0 eng d
040 ## - CATALOGING SOURCE
Language of cataloging English
Transcribing agency CBULib
Description conventions rda
Original cataloging agency CBULib
Modifying agency CBULib
050 ## - LIBRARY OF CONGRESS CALL NUMBER
Classification number CBU-PHDTHESIS/KAM
100 ## - MAIN ENTRY--PERSONAL NAME
9 (RLIN) 4394
Personal name Kamangu ,Lillian
245 ## - TITLE STATEMENT
Title Evaluation of antibiotic prescribing patterns and associated factors among dental practitioners on the copperbelt and Lusaka Province,Zambia
Statement of responsibility, etc /by lillian Kamangu
260 ## - PUBLICATION, DISTRIBUTION, ETC. (IMPRINT)
Place of publication, distribution, etc Ndola
Name of publisher, distributor, etc CBU
Date of publication, distribution, etc 2021
300 ## - PHYSICAL DESCRIPTION
Extent iii,36 Pages : illustrations
336 ## - CONTENT TYPE
Source rdacontent
Content type term Text |
337 ## - MEDIA TYPE
Source rdamedia
Media type term Unmediated |
Media type code n
338 ## - CARRIER TYPE
Source rdacarrier
Carrier type term Volume
Carrier type code nc
650 #0 - SUBJECT ADDED ENTRY--TOPICAL TERM
9 (RLIN) 4395
Topical term or geographic name as entry element DENTAL PRACTIONERS
650 #0 - SUBJECT ADDED ENTRY--TOPICAL TERM
9 (RLIN) 4396
Topical term or geographic name as entry element ANTIBIOTIC
650 #0 - SUBJECT ADDED ENTRY--TOPICAL TERM
9 (RLIN) 4397
Topical term or geographic name as entry element PRESCRIBING PATTERN IN DENTAL
942 ## - ADDED ENTRY ELEMENTS (KOHA)
Source of classification or shelving scheme
Koha item type INTERNATIONAL PUBLICATIONS
Holdings
Withdrawn status Lost status Source of classification or shelving scheme Damaged status Not for loan Collection code Permanent Location Current Location Shelving location Date acquired Source of acquisition Inventory number Full call number Barcode Date last seen Copy number Price effective from Koha item type
          Medical Library Collection CBU-SCHOOL OF MEDICINE LIBRARY, NDOLA. CBU-SCHOOL OF MEDICINE LIBRARY, NDOLA. School of Medicine Collection - Hospital Campus 02/10/2025 DEP-CBU/02/2025 95063 CBU-PHDTHESIS/KAM B95063 02/10/2025 1 02/10/2025 UNIVERSITY COLLECTION